Statistics for Top 10 Highest FIFA Men's Rankings of UEFA Countries

Click here to take the quiz!

General Stats

  • This quiz has been taken 1,133 times
  • The average score is 7 of 10

Answer Stats

RankPointsCountry% Correct
71305France
93%
101166Spain
92%
31433Germany
91%
81229Portugal
87%
51368Belgium
83%
131114England
83%
151087Poland
67%
111129Switzerland
65%
141103Croatia
58%
121121Wales
30%

Score Distribution

Percentile by Number Answered

Percent of People with Each Score

Your Score History

You have not taken this quiz